| 000 | 01213nam a22003617a 4500 | ||
|---|---|---|---|
| 003 | CHAP | ||
| 005 | 20220329141455.0 | ||
| 008 | 971013s1983 r 00010 d | ||
| 010 | _a68740 | ||
| 011 | _a69712 | ||
| 035 | _a79189 | ||
| 040 | _cCHAP | ||
| 082 |
_a572.972 _bM8 |
||
| 100 | 0 | 0 |
_aMünch Galindo, Guido. _979974 |
| 245 | _aEtnología del Istmo Veracruzano | ||
| 260 |
_aMéxico : _bUNAM. Instituto de Investigaciones Antropológicas, _c1983 |
||
| 300 |
_a400 p. _b: ilus. |
||
| 490 |
_aSerie antropológica _v; 50 |
||
| 500 | _a31-134 | ||
| 590 |
_aBATCH-UPD _b10 _c20130110 _lUCH01 _h0607 |
||
| 590 |
_aBATCH-UPD _b10 _c20130410 _lUCH01 _h0249 |
||
| 590 |
_aBATCH-UPD _b10 _c20130914 _lUCH01 _h0010 |
||
| 590 |
_aCONVERSION _b10 _c20130109 _lUCH01 _h1338 |
||
| 650 | 1 | 4 |
_aAgricultura de subsistencia. _91998 |
| 650 | 1 | 4 |
_aAgricultura _zVeracruz. _91941 |
| 650 | 1 | 4 |
_aAgricultura _zVeracruz. _91941 |
| 650 | 1 | 4 |
_aEtnología _xVeracruz. _938663 |
| 830 | 0 |
_aSerie antropológica _v; 50 _9104597 |
|
| 901 | _aBK | ||
| 942 | _cLIBRO | ||
| 949 |
_a572.972 M8 _bBC _cLIBRO _d33724000241139 _eLIBRO _h75681 _i79189 _si _t5.00 |
||
| 949 |
_a572.972 M8 _bBC _cLIBRO _d33724002162702 _eLIBRO _fc.2 _gI.c/e _h112107 _i79189 _sb |
||
| 999 |
_c68740 _d68740 |
||